| 000 | 00700nam a2200217Ia 4500 | ||
|---|---|---|---|
| 999 |
_c47954 _d47954 |
||
| 003 | GCL | ||
| 005 | 20240530104454.0 | ||
| 008 | 140319s9999 xx 000 0 ara d | ||
| 040 |
_aGCL / _cGCL |
||
| 082 | 0 | 4 |
_a575.1 _bا م |
| 100 | 1 | _aالطيب احمد المصطفى حياتى | |
| 245 | 1 | 0 |
_aمقدمة فى علم الوراثة / _cالطيب احمد المصطفى حياتى |
| 300 | _a213 ص | ||
| 490 |
_aالهيئة العامة للاستعلامات _v0 |
||
| 650 | 0 | 4 | _aالوراثة |
| 650 | 0 | 4 | _aفسيولوجيا الوراثة |
| 650 | 0 | 4 | _aقانون مندل |
| 650 | 0 | 4 | _aالاحياء، علم |
| 650 | 0 | 4 | _aالوراثة - فسيولوجيا |
| 942 |
_2ddc _cBK |
||